01433cam a22003497a 4500003000500000005001700005008004100022010000900063011000900072035000900081040000900090100002900099245014000128260004500268300001000313500001400323500007100337590004100408590004100449590004100490590004200531650003600573650003200609650005400641901000700695942000900702949004200711949005400753999001500807952013300822952012800955CHAP20220817041046.0971013s1995 r 00010 d a5530 a6502 a5722 cCHAP00aAranda Osorio, Gilberto.14aThe effect of oestradiol-17B (compudose) on liveweight gain, herbage intake and circulating hormone concentrations in steers at pasture aMassey, New Zealand :bThe author,c1995 a75 h. aFotocopia aThesis (Master of Agr. Sc. in Animal Science) -- Massey University aBATCH-UPDb10c20130110lUCH01h1645 aBATCH-UPDb10c20130410lUCH01h1035 aBATCH-UPDb10c20130914lUCH01h1525 aCONVERSIONb10c20130109lUCH01h130414aGanado vacunoxPastoreo.94550214aGanado vacunoxPeso.94550414aHormonasxEfecto en animales domésticos.956236 aBK cFOLL bBCcTESd-151992eTS1h30626i5722si bBCcTESd33724000608436eTS2fc.2h30627i5722si c5530d5530 00102local4053708TESISaBCbBCcPA_TESISd2019-12-31fTESISl0p33724000608436r2019-12-31 00:00:00tc.2w2019-12-31yTESIS 00102local4051708TESISaBCbBCcPA_TESISd2019-12-31fTESISl0oTesisp-151992r2019-12-31 00:00:00w2019-12-31yTESIS